LEADER 02569nam 22005293 450 001 9910913793003321 005 20251116213728.0 010 $a9789819778157 010 $a9819778158 035 $a(CKB)36702078800041 035 $a(MiAaPQ)EBC31807771 035 $a(Au-PeEL)EBL31807771 035 $a(BIP)119325751 035 $a(BIP)115675839 035 $a(OCoLC)1478702535 035 $a(EXLCZ)9936702078800041 100 $a20241203d2025 uy 0 101 0 $aeng 135 $aur||||||||||| 181 $ctxt$2rdacontent 182 $cc$2rdamedia 183 $acr$2rdacarrier 200 10$aComparative Law $eUnraveling Global Legal Systems 205 $a1st ed. 210 1$aSingapore :$cSpringer,$d2025. 210 4$dİ2024. 215 $a1 online resource (445 pages) 225 0 $aLaw and Criminology Series 311 08$a9789819778140 311 08$a981977814X 330 $aThis book, centered on the theme of Comparative Law, offers an unparalleled journey through various legal landscapes, aiming to enhance readers' comprehension by juxtaposing laws from diverse fields and countries. Encompassing areas such as constitutional law, transformative constitution, environmental law, family law, child rights, and artificial intelligence, the book invites readers to navigate the global legal tapestry. What sets this work apart is its meticulous approach, encouraging readers to draw comparisons, fostering a nuanced understanding of legal concepts. Beyond a mere exploration of legal systems, the book delves into the philosophies that underpin them, offering insights into cultural and historical influences. By showcasing best practices from different legal traditions, the book aspires to contribute to the advancement of humanity, promoting the adoption of progressive legal approaches worldwide. This is not just a book; it's a gateway to a world where legal traditions converge, providing readers with a profound and informed perspective on the multifaceted nature of law in our interconnected global society. 606 $aLAW / Constitutional$2bisacsh 606 $aLAW / General$2bisacsh 606 $aLAW / Public$2bisacsh 615 7$aLAW / Constitutional 615 7$aLAW / General 615 7$aLAW / Public 700 $aAston$b Joshua$01454912 701 $aTomer$b Aditya$01454913 701 $aSingh$b Rupendra$01777467 801 0$bMiAaPQ 801 1$bMiAaPQ 801 2$bMiAaPQ 906 $aBOOK 912 $a9910913793003321 996 $aComparative Law$94298250 997 $aUNINA